| 000 | 00440nam a2200181Ia 4500 | ||
|---|---|---|---|
| 008 | 210210b1963 xxu||||| |||| 00| 0 eng d | ||
| 041 | _aeng | ||
| 082 | _a385/47 | ||
| 100 | _aMEHTA (Rustam J) | ||
| 245 | _aEffective business letters | ||
| 260 |
_aBombay _bD. B. Taraporevala Sons & Co, Pvt Ltd., _c1963 |
||
| 300 | _a211 | ||
| 650 | _aletters | ||
| 650 | _aEffective | ||
| 650 | _abusiness | ||
| 690 | _aLetters | ||
| 906 | _a005519 | ||
| 999 |
_c125574 _d125574 |
||